Sei tavole a colori /
Descripción Física:
[4] pàg. : il. col. ; 21 cm
Materias:
Picasso, Pablo, -- 1881-1973 -- Llibres de làmines
; Cubisme -- Llibres de làmines
; Fons Joan Junyer i Pascual (1909-1994)
Idioma:
French
MARC
| LEADER | 00000nam a22000007a 4500 | ||
|---|---|---|---|
| 001 | 24745 | ||
| 003 | AGDB | ||
| 005 | 20260324181535.0 | ||
| 008 | 251009b it ||||| |||| 00| 0 fre d | ||
| 100 | |a Picasso, Pablo, |d 1881-1973 |9 53616 | ||
| 245 | |a Sei tavole a colori / |c Picasso | ||
| 260 | |a [Milano] : |b Edizioni del Milione , |c 1951 | ||
| 300 | |a [4] pàg. : |b il. col. ; |c 21 cm | ||
| 500 | |a Prové del fons Joan Junyer i Pascual (1909-1994) | ||
| 500 | |a Conté 6 làmines a color d'obres de l'artista | ||
| 500 | |a A la portada: Donna allo specchio | ||
| 501 | |a Inclou text introductori sobre l'artista en francès | ||
| 600 | 0 | |a Picasso, Pablo, |d 1881-1973 |2 LEMAC |9 53616 |v Llibres de làmines | |
| 650 | 0 | |a Cubisme |2 Arxiu |9 23472 |v Llibres de làmines | |
| 650 | 0 | |a Fons Joan Junyer i Pascual (1909-1994) |9 72777 | |
| 942 | |2 udc |c ARXIU |n 1 | ||
| 952 | |0 0 |1 0 |4 0 |6 F50434 |7 1 |9 98420 |a Arxiu |b Arxiu |d 2025-10-09 |l 0 |o F-504-34 |p 24745 |r 2025-10-09 12:52:27 |w 2025-10-09 |y ARXIU | ||
| 999 | |c 130174 |d 130174 | ||